Welcome to CU Library Online Public Access Catalogue (OPAC)

Beyond the best interests of the child / (Record no. 3590)

MARC details
000 -LEADER
fixed length control field 00857pam a2200265 i 4500
001 - CONTROL NUMBER
control field 3698523
005 - DATE AND TIME OF LATEST TRANSACTION
control field 20250207181902.0
008 - FIXED-LENGTH DATA ELEMENTS--GENERAL INFORMATION
fixed length control field 790810s1979 nyu b 001 0 eng
020 ## - INTERNATIONAL STANDARD BOOK NUMBER
International Standard Book Number 0029122007
020 ## - INTERNATIONAL STANDARD BOOK NUMBER
Canceled/invalid ISBN 0029121906 (pbk.)
050 00 - LIBRARY OF CONGRESS CALL NUMBER
Classification number KF547
Item number .G65 1979
082 00 - DEWEY DECIMAL CLASSIFICATION NUMBER
Classification number 362.7
Edition information 19
100 1# - MAIN ENTRY--PERSONAL NAME
Personal name Goldstein, Joseph,
Dates associated with a name 1923-2000.
245 10 - TITLE STATEMENT
Title Beyond the best interests of the child /
Statement of responsibility, etc. Joseph Goldstein, Anna Freud, Albert J. Solnit.
250 ## - EDITION STATEMENT
Edition statement New ed. with epilogue.
260 ## - PUBLICATION, DISTRIBUTION, ETC.
Place of publication, distribution, etc. New York :
Name of publisher, distributor, etc. Free Press,
Date of publication, distribution, etc. c1979.
300 ## - PHYSICAL DESCRIPTION
Extent xiv, 203 p. ;
Dimensions 22 cm.
650 #0 - SUBJECT ADDED ENTRY--TOPICAL TERM
Topical term or geographic name entry element Custody of children.
650 #0 - SUBJECT ADDED ENTRY--TOPICAL TERM
Topical term or geographic name entry element Children
General subdivision Legal status, laws, etc.
650 #0 - SUBJECT ADDED ENTRY--TOPICAL TERM
Topical term or geographic name entry element Custody of children
Geographic subdivision United States.
650 #0 - SUBJECT ADDED ENTRY--TOPICAL TERM
Topical term or geographic name entry element Child welfare.
700 1# - ADDED ENTRY--PERSONAL NAME
Personal name Freud, Anna,
Dates associated with a name 1895-1982,
Relator term joint author.
700 1# - ADDED ENTRY--PERSONAL NAME
Personal name Solnit, Albert J.,
Relator term joint author.
942 ## - ADDED ENTRY ELEMENTS (KOHA)
Source of classification or shelving scheme Library of Congress Classification
Koha item type Books
Suppress in OPAC No
999 ## -
-- 3590
-- 3590
Holdings
Withdrawn status Lost status Source of classification or shelving scheme Damaged status Not for loan Collection Home library Current library Shelving location Date acquired Total checkouts Full call number Barcode Date last seen Copy number Price effective from Koha item type
    Library of Congress Classification     Non-fiction Law Library (Christ Temple) Law Library (Christ Temple) General stacks 02/07/2025   KF547.G65 GOL LLCT00000368 02/07/2025 1 02/07/2025 Books
© 2023-2024 Copyright: Central University Libraries. All Rights Reserved | Created by: Mahone Tech Office